Hegel
Gorde:
| Formatua: | Liburua |
|---|---|
| Hizkuntza: | Undetermined |
| Argitaratua: |
Cambridge, Reino Unido
Cambridge University Press
1993
|
| Gaiak: | |
| Etiketak: |
Etiketa erantsi
Etiketarik gabe, Izan zaitez lehena erregistro honi etiketa jartzen!
|
MARC
| LEADER | 00000nam a2200000Ia 4500 | ||
|---|---|---|---|
| 008 | 170316s9999 xx 000 0 und d | ||
| 090 | |a 100 H-12.1h | ||
| 245 | |a Hegel | ||
| 260 | |a Cambridge, Reino Unido | ||
| 260 | |b Cambridge University Press | ||
| 260 | |c 1993 | ||
| 300 | |a 518 páginas | ||
| 650 | |a FILOSOFÍA | ||
| 650 | |a CRÍTICA | ||
| 650 | |a HEGEL | ||
| 650 | |a METAFÍSICA | ||
| 650 | |a KANT | ||
| 650 | |a FENOMENOLOGÍA DEL ESPÍRITU | ||
| 650 | |a FILOSOFÍA ANALÍTICA | ||
| 650 | |a MARXISMO | ||
| 999 | |c 16407 |d 16407 | ||
| 040 | |a cru BVZT | ||
| 942 | |c 15 D |h 100 H-12.1h |2 z | ||
